00436nam a2200181Ia 4500003000400000005001700004008004100021020001400062040000700076041000800083082002200091100002800113245002000141260004300161300001500204365001300219650002200232OSt20230316120221.0210423s2007 xx 000 0 und d a852263074 cAL aeng a547.28 223bGOWV aGOWARIKER (V R);others. aPolymer science aNew DelhibNew Age Internationalc2007 axv,505bPB b195cINR aOrganic Synthesis